00667nam a2200241 i 45000010008000000030009000080050017000170080041000340100017000750200012000920400028001040500019001320820016001511000021001672450064001882500012002522600043002643000034003075040030003416500021003716500015003926500018004074188262BDDh-ASL20231015025859.0800204s1978 pk a b 000 0 eng  a 79930223  cRs40.00 aDLCcDLCdDLCdBDDh-ASL00aBP166.23b.K4300a297.24bMAI1 aKhan, Majid ALi.10aIslam on origin and evolution of life /cby Majid Ali Khan. a1st ed. aLahore :bSh. Muhammad Ashraf,cc1978. axix, 223 p. :bill. ;c23 cm. aBibliography: p. 211-223. 0aCreation (Islam) 0aEvolution. 0aLifexOrigin.